Contract law (Record no. 17292)
[ view plain ]
| 000 -LEADER | |
|---|---|
| fixed length control field | 00448nam a22001697a 4500 |
| 008 - FIXED-LENGTH DATA ELEMENTS--GENERAL INFORMATION | |
| fixed length control field | 181018b xxu||||| |||| 00| 0 eng d |
| 020 ## - INTERNATIONAL STANDARD BOOK NUMBER | |
| International Standard Book Number | 9381082706 |
| 040 ## - CATALOGING SOURCE | |
| Original cataloging agency | KABU |
| Transcribing agency | KABU |
| 050 ## - LIBRARY OF CONGRESS CALL NUMBER | |
| Classification number | KD1554 |
| Item number | .D89 2011 c. 1 |
| 100 ## - MAIN ENTRY--PERSONAL NAME | |
| Personal name | Duxbury, Robert |
| 245 ## - TITLE STATEMENT | |
| Title | Contract law |
| Statement of responsibility, etc. | Robert Duxbury |
| 250 ## - EDITION STATEMENT | |
| Edition statement | 2nd ed. |
| 260 ## - PUBLICATION, DISTRIBUTION, ETC. (IMPRINT) | |
| Place of publication, distribution, etc. | London |
| Name of publisher, distributor, etc. | Sweet & Maxwell |
| Date of publication, distribution, etc. | 2011 |
| 300 ## - PHYSICAL DESCRIPTION | |
| Extent | xlix, 464 p. |
| 650 ## - SUBJECT ADDED ENTRY--TOPICAL TERM | |
| Topical term or geographic name as entry element | Contracts |
| 942 ## - ADDED ENTRY ELEMENTS (KOHA) | |
| Source of classification or shelving scheme | Library of Congress Classification |
| Koha item type | General Collection |
| Edition | 2nd |
| Classification part | KD1554 |
| Withdrawn status | Lost status | Source of classification or shelving scheme | Not for loan | Home library | Current library | Shelving location | Date acquired | Cost, normal purchase price | Total Checkouts | Total Renewals | Full call number | Barcode | Date last seen | Date last checked out | Copy number | Price effective from | Koha item type |
|---|---|---|---|---|---|---|---|---|---|---|---|---|---|---|---|---|---|
| Library of Congress Classification | Kabarak, Main Campus | Kabarak, Main Campus | General Stacks | 18/10/2018 | 7220.00 | 18 | 1 | KD1554 .D89 2011 c. 1 | 024815 | 10/12/2025 | 24/11/2025 | c. 1 | 18/10/2018 | General Collection |